书目信息 |
| 题名: |
新时代优秀党员干部的八大修炼
|
|
| 作者: | 路大虎 著 | |
| 分册: | ||
| 出版信息: | 北京 东方出版社 2019.04 |
|
| 页数: | 196页 | |
| 开本: | 24cm | |
| 丛书名: | ||
| 单 册: | ||
| 中图分类: | D263.3 | |
| 科图分类: | ||
| 主题词: | ||
| 电子资源: | ||
| ISBN: | 978-7-5207-0242-3 | |
| 000 | 01029nam0 2200253 450 | |
| 001 | CAL 0120141439631 | |
| 005 | 20230217093111.0 | |
| 010 | @a978-7-5207-0242-3@dCNY45.00 | |
| 100 | @a20190417d2019 em y0chiy0120 ea | |
| 101 | 0 | @achi |
| 102 | @aCN@b110000 | |
| 105 | @ay a 000yy | |
| 106 | @ar | |
| 200 | 1 | @a新时代优秀党员干部的八大修炼@Axin shi dai you xiu dang yuan gan bu de ba da xiu lian@e不忘初心 牢记使命@f路大虎著 |
| 210 | @a北京@c东方出版社@d2019.04 | |
| 215 | @a196页@d24cm | |
| 320 | @a有书目 | |
| 330 | @a本书在深入学习、深刻领会党中央精神内涵基础上, 以我国全面深化改革的巨大发展变化和面临的新挑战、新跨越为背景, 综合概括, 提出成为一名优秀的党员干部, 需要在思想、政治和行为上提升的政治觉悟、党性修养和需要全面增强的8个方面的执政本领。 | |
| 517 | 1 | @a不忘初心 牢记使命@Abu wang chu xin lao ji shi ming |
| 601 | 02 | @a中国共产党@Azhong guo gong chan dang@x党员@x党性@x修养 |
| 690 | @aD263.3@v5 | |
| 701 | 0 | @a路大虎@Alu da hu@4著 |
| 801 | 0 | @aCN@bBJXHZP@c20230228 |
| 905 | @b1386697-701@dD263.3@e2003@f5 | |
| 新时代优秀党员干部的八大修炼:不忘初心 牢记使命/路大虎著.-北京:东方出版社,2019.04 |
| 196页;24cm |
| ISBN 978-7-5207-0242-3:CNY45.00 |
| 本书在深入学习、深刻领会党中央精神内涵基础上, 以我国全面深化改革的巨大发展变化和面临的新挑战、新跨越为背景, 综合概括, 提出成为一名优秀的党员干部, 需要在思想、政治和行为上提升的政治觉悟、党性修养和需要全面增强的8个方面的执政本领。 |
| ● |
| 相关链接 |
|
|
|
|
正题名:新时代优秀党员干部的八大修炼
索取号:D263.3/2003
 
预约/预借
| 序号 | 登录号 | 条形码 | 馆藏地/架位号 | 状态 | 备注 |
| 1 | 1386697 | 213866976 | 第一样本阅览室/ [索取号:D263.3/2003] | 在馆 | |
| 2 | 1386698 | 213866985 | 第一借阅区/ [索取号:D263.3/2003] | 在馆 | |
| 3 | 1386699 | 213866994 | 第一借阅区/ [索取号:D263.3/2003] | 在馆 | |
| 4 | 1386700 | 213867001 | 第一借阅区/ [索取号:D263.3/2003] | 在馆 | |
| 5 | 1386701 | 213867010 | 第一借阅区/ [索取号:D263.3/2003] | 在馆 |